New leadership for women and men : building an inclusive organization

Saved in:
Bibliographic Details
Main Author: Simmons, Michael
Format: Book
Language:English
Published: England : Gower, 1996
Subjects:
Tags: Add Tag
No Tags, Be the first to tag this record!

MARC

LEADER 00000nam a2200000 i 4500
001 1/63767
008 980731s1996 eng d
020 |a 0-566-07474-5 
035 |l 10029313 
040 |a GR-MY-UA  |b gre  |e aacr 
041 0 |a eng 
082 0 |a 658.4092 
100 1 |a Simmons, Michael. 
245 1 0 |a New leadership for women and men :  |b building an inclusive organization /  |c Michael Simmons 
260 |a England :   |b Gower,   |c 1996 
300 |a 184 p. 
504 |a Includes bibliographical references and index 
650 0 0 |a Leadership. 
650 0 0 |a Diversity in the workplace. 
852 |a INST  |b CHIOS  |e 19980731  |h 658.4092 SIM  |p 005200015928  |q 005200015928  |t BK  |y 0 
901 |a BIBL-1998-2 
909 |a Χ  |b 058262 
922 |a 2ΕΛΗ  |b 199807  |c ΤΔΕ  |d ΠΑΠΑΣΩΤΗΡΙΟΥ